00559nam a2200193Ia 4500008004100000020001400041050001600055100002000071245003400091245002300125260001500148260002200163260000900185300001600194300002000210300001000230999001900240952010600259170918s9999 xx 000 0 und d a39562892X bW938no 1993 aWozencraft, Kim aNotes from the country club / cby Kim Wozencraft. aNew York : bHoughton Mifflin, c1993 a205 pages : billustrations ; c21cm. c343653d343653 001040aSSISMbSSISMd2017-09-18l0oFIC W938no 1993pSSISM2725r2017-09-18 00:00:00w2017-09-18yBK